Capitales de pays de l'union Européenne Carte Quiz - Statistiques

Statistiques générales
  • Ce quiz a été pris 1 960 fois
  • Le résultat moyen est 18 sur 27
Réponses sur la Carte
Les réponses sont colorées sur une échelle allant du rouge au vert en fonction du pourcentage des utilisateurs qui les ont devinées à leur premier essai. Vous pouvez retrouver ces pourcentages ci-dessous.
 
Statistiques - réponses
Réponse % Correct
Berlin
88%
Bruxelles
88%
Paris
87%
Madrid
86%
Rome
83%
Athenes
81%
Lisbonne
81%
Luxembourg
81%
Dublin
80%
Amsterdam
79%
Helsinki
71%
La Valette
70%
Copenhague
69%
Varsovie
69%
Vienne
69%
Zagreb
65%
Stockholm
64%
Prague
59%
Nicosie
58%
Sofia
57%
Bucarest
56%
Riga
55%
Tallinn
54%
Vilnius
54%
Budapest
51%
Ljubljana
50%
Bratislava
43%
Aucun quiz correspondant
Distribution des résultats
% des personnes avec chaque résultat
Percentile par nombre de réponses
Votre historique - résultats
Vous n’avez pas pris ce quiz